000 00509nam a2200169 4500
001 114319
003 ES-MaACL
005 20230906190128.0
007 t|
008 061121s1980 sp r ||||1| spa d
100 1 _aPalloix, Christian.
_988601
245 1 0 _aProceso de producción y crisis del capitalismo /
_cChristian Palloix ; traducción Rafael Myro.
260 _aMadrid :
_bH. Blume,
_c1980.
300 _a285 p. ;
_c21 cm.
700 1 _aMyro, Rafael.
_984768
852 _aES-MaACL
_jL-191
_bR.100656
999 _c114319
_d114319